| 000 | 01132nam a2200301 4500 | ||
|---|---|---|---|
| 001 | 0000022114 | ||
| 003 | CO-CtgCURN | ||
| 005 | 20260210230842.0 | ||
| 007 | ta | ||
| 008 | 160627s2005 000 0 eng d | ||
| 020 | _a9583505358 | ||
| 040 |
_aCO-CtgCURN _bspa _ccoctgcurn |
||
| 082 | 0 |
_a345.861 _bB37i |
|
| 100 | 1 | _aBustos Ramírez, Juan. | |
| 245 | 1 | 0 |
_aIntroducción al derecho penal / _cJuan Bustos Ramírez. |
| 250 | _a3a ed. | ||
| 260 |
_aBogotá : _bTemis, _c2005. |
||
| 300 | _a287 p. | ||
| 336 | _2rdacontent | ||
| 337 |
_2rdamedia _asin mediacion _bn |
||
| 338 |
_2rdacarrier _avolumen _bnc |
||
| 504 | _aBibliografia (p.263-282) | ||
| 505 | 8 | _aLas bases fundamentales del derecho penal.--Norma penal y sistema juridico penal.--De la pena y sus teorias explicativas.--El desarrollo epistemologico del desarrollo penal.--De la ciencia positiva a la ciencia de los valores.--Hacia el sueño de von liszt de una ciencia penal integrada | |
| 650 | 1 | 4 | _aDerecho penal. |
| 908 | _a160627 | ||
| 942 |
_cBK _h345.861 _iB37i _2ddc _n0 |
||
| 999 |
_c19465 _d19465 |
||